000 00546nam a2200145 a 4500
001 000046290
005 20201002052750.0
008 150715s2006 dr 000 0 spa d
040 _aDO-SdBNP
_bspa
_cBNPHU
111 2 _aFestival de atabales
_n(17 :
_d2006 : 24-26 nov.
_cSainaguá, San Cristobal, República Dominicana )
_974305
245 1 0 _aXVII festival de atabales :.
246 1 3 _aDecimoséptima festival de atabales
260 _aSainaguá, San Cristóbal, República Dominicana :
_bFundación Sol Naciente,
_c2006.
300 _a23 p. ;
_c21 cm.
999 _c45779
_d45779